000 00544 a2200145 4500
082 _aBICSE-2
100 _aAmbreen Ashfaq
_992568
245 _aNetwork Traffic Manager [Project BICSE2]
_cAmbreen Ashfaq
260 _aIsalamabad,
_bNUST School of Electrical Engineering & Computer Science,
_c 2008.
300 _a43 p.
_b: ill.
_c; 27 cm. +
_e CD-ROM
500 _aSupervisors : Dr. Nazar Abbas Saqib, Mr. Ali Sajjad.
700 _aSamar Naseem
_992569
856 _uhttp://10.250.8.41:8080/xmlui/handle/123456789/8512
942 _cPR
_kBICSE-2 AMB
_2ddc
999 _c9351
_d9351